Sell yourself in Any Interview (Record no. 182874)

000 -LEADER
fixed length control field 00361nam a2200133Ia 4500
008 - FIXED-LENGTH DATA ELEMENTS--GENERAL INFORMATION
fixed length control field 220217s9999||||xx |||||||||||||| ||und||
020 ## - INTERNATIONAL STANDARD BOOK NUMBER
International Standard Book Number 9780070264922
082 ## - DEWEY DECIMAL CLASSIFICATION NUMBER
Classification number 658.311 ADL
100 ## - MAIN ENTRY--PERSONAL NAME
Personal name Adler, Oscar
9 (RLIN) 8155
245 #0 - TITLE STATEMENT
Title Sell yourself in Any Interview
260 ## - PUBLICATION, DISTRIBUTION, ETC.
Place of publication, distribution, etc. Tata cgraw hill
Name of publisher, distributor, etc. New Delhi
Date of publication, distribution, etc. 2008
300 ## - PHYSICAL DESCRIPTION
Extent xv;158
Other physical details 225
650 ## - SUBJECT ADDED ENTRY--TOPICAL TERM
Topical term or geographic name entry element MANAGEMENT
Holdings
Withdrawn status Lost status Damaged status Not for loan Collection code Home library Current library Shelving location Date acquired Full call number Barcode Date last seen Price effective from Koha item type
        Humanity Science Central Library Central Library Book Cart 02/18/2022 658.311 ADL 18063 02/18/2022 02/18/2022 Books

Powered by Koha